| 000 | 00482nam a2200193Ia 4500 | ||
|---|---|---|---|
| 005 | 20250423100632.0 | ||
| 008 | 250422s9999 xx 000 0 und d | ||
| 020 | _a9780683034455 | ||
| 050 | _aRB 155 .G358/ | ||
| 100 | _aGelehrter, Thomas D. | ||
| 245 | 0 | _aPrinciples of medical genetics | |
| 250 | _a2nd ed. | ||
| 260 | _aBaltimore | ||
| 260 | _bWilliams & Wilkins | ||
| 260 | _c1998 | ||
| 300 | _a410 p | ||
| 650 | _aMedical genetics. Genetics, Medical. | ||
| 942 | _cBK | ||
| 999 |
_c33898 _d33898 |
||